000 002570000a22000970004500
100 1 _aCristobal, Ramiro (1942- )
245 1 0 _aLas memorias secretas de Casanova
300 _aVol. 39, Num. 39 (Marzo, 1994), Páginas 36-40
773 0 _tCambio 16
942 _cANA
999 _c58398
_d58398